00978nam a22003015a 450000500170000000800410001701000140005802000260007202000230009803500130012103500170013403500130015103700480016403700080021204000180022008200110023810000210024924501450027025000120041526000460042730000420047350000510051565000280056665100270059470000200062170000170064170000180065820081017051548.0081017s2008 ii | 00| 0 eng  aENG-91556 a9780195699319c295.00 a0195699319c295.00 aEN-75089 aB-346549-580 aB-379437 bDBAD / PUB Oxford University Press bUBH adplbEnglish  a954.16 aSpear, Percival  aDelhi:cby Percival Spear; updated and annotated by Narayani Gupta and Laura Sykes; illustrated by Ripin Kalra bits monuments and history / a3rd ed  aNew Delhi bOxford University Pressc2009 axvi, 177 p.:c23cm (Hb) bill.; maps  aIncludes bibliographical references and index  aMonumentszIndiazDelhi aDelhi (India)xHistory aGupta, Narayani aSykes, Laura aKalra, Ripin